Kings of Gondor - Statistics

General Stats
  • This quiz has been taken 115 times
  • The average score is 28 of 37
Answer Stats
No. Dates of reign King % Correct
1. S.A. 3320 – 3441 Elendil
100%
=1. 3320 – 3441 (As co-ruler) Isildur
100%
2. 3341 – T.A. 2 Isildur
100%
=1. 3320 – 3440 Anárion
98%
34. 3019 – F.A. 120 Aragorn II Elessar
96%
33. 2043 – c. 2050 Eärnur
88%
13. 913 – 936 Eärnil I
86%
35. 120 – ? Eldarion
84%
8. 491 – 541 Rómendacil I
84%
32. 1945 – 2043 Eärnil II
82%
3. 2 – 158 Meneldil
82%
15. 1015 – 1149 Hyarmendacil I
80%
24. 1540 – 1621 Hyarmendacil II
80%
22. 1437 – 1447 Castamir
78%
19. 1304 – 1366 Rómendacil II
76%
21. 1432 – 1437, 1447 – 1490 Eldacar
73%
5. 238 – 324 Eärendil
71%
20. 1366 – 1432 Valacar
71%
4. 158 – 238 Cemendur
69%
17. 1226 – 1294 Narmacil I
69%
31. 1936 – 1944 Ondoher
69%
10. 667 – 748 Atanatar I
67%
25. 1621 – 1634 Minardil
67%
29. 1850 – 1856 Narmacil II
67%
7. 411 – 491 Ostoher
67%
11. 748 – 840 Siriondil
67%
28. 1798 – 1850 Telumehtar Umbardacil
67%
6. 324 – 411 Anardil
65%
30. 1856 – 1936 Calimehtar
65%
18. 1294 – 1304 Calmacil
65%
12. 840 – 913 Tarannon Falastur
65%
26. 1634 – 1636 Telemnar
61%
9. 541 – 667 Turambar
61%
23. 1490 – 1540 Aldamir
59%
16. 1149 – 1226 Atanatar II Alcarin
59%
14. 936 – 1015 Ciryandil
59%
27. 1636 – 1798 Tarondor
59%
No matching quizzes found
Score Distribution
Percent of People with Each Score
Percentile by Number Answered
Your Score History
You have not taken this quiz